000 00454nam a2200205Ia 4500
008 210210b1937 xxu||||| |||| 00| 0 eng d
041 _aeng
082 _a444/253
100 _aTRAVIS
245 _aCourse moyen de francais Pat II
260 _aLondon
_bGeorge G Harrap & Co Ltd.
_c1937
650 _aPat
650 _amoyen
650 _aII
650 _afrancais
650 _ade
650 _aCourse
690 _aFrench
906 _a006448
999 _c129403
_d129403